000
00291nam a22001217a 4500
008
171227b xxu||||| |||| 00| 0 eng d
041
_a
eng
080
_2
7 ED
_a
004
100
_a
34
101
_a
SHK
245
_a
GUIDE TO MAINGING AND MAINTAINING YOUR PC
_c
JEAN.A
942
_2
udc
_c
BK
999
_c
39444
_d
39444